| 000 | 00418nam a22001697a 4500 | ||
|---|---|---|---|
| 003 | MPLRDC | ||
| 005 | 20220104124925.0 | ||
| 008 | 210129b ||||| |||| 00| 0 eng d | ||
| 020 | _a7-81001-081-6 | ||
| 082 | _a857.9 WLS-92 v.2 | ||
| 100 | _a卧龙生著 | ||
| 245 |
_a玉佛心锁. 中 _c |
||
| 260 |
_a _b中央民族学院出版社 _c |
||
| 300 | _b平 | ||
| 650 | _a武侠小说 | ||
| 942 |
_cBK _o857.9 WLS-92 v.2 |
||
| 999 |
_c23224 _d23214 |
||